000 00389nam a22001577a 4500
003 OSt
008 210216b ||||| |||| 00| 0 eng d
020 _a9788126563050
100 _aMUELLER,John Paul
245 _aMachine Learning (in Python and R ) for Dummies
260 _aNew Delhi
_bWiley India
300 _a410
650 _aCSEAIML
700 _aMASSARON,Luca
942 _2ddc
_cBK
999 _c10462
_d10462